Statistics for Lightest Chemical Elements A-Z

Click here to take the quiz!

General Stats

  • This quiz has been taken 24,635 times
  • The average score is 14 of 23

Answer Stats

LetterElement% Correct
HHydrogen
95%
OOxygen
91%
CCarbon
88%
NNitrogen
81%
LLithium
77%
UUranium
73%
XXenon
73%
FFluorine
69%
MMagnesium
68%
BBeryllium
66%
AAluminium
65%
ZZinc
64%
PPhosphorus
61%
SSodium
57%
VVanadium
55%
YYttrium
53%
KKrypton
52%
IIron
51%
GGallium
43%
TTitanium
43%
RRubidium
30%
DDysprosium
18%
EEuropium
18%

Score Distribution

Percentile by Number Answered

Percent of People with Each Score

Your Score History

You have not taken this quiz